000 00749nam a2200217Ia 4500
003 GCL
008 140319s9999 xx 000 0 ara d
040 _aGCL /
_cGCL
082 0 4 _a243
_bم ف
100 1 _aمحمد خليل هراس
245 1 0 _aفصل المقال فى رفع عيسى(ص)حيا ونزوله وقتله الرجال /
_cمحمد خليل هراس
700 1 _aابوالفداء السيد بن عبدالمقصود
260 _aالقاهرة :
_bمكتبة السنة للنشر والتوزيع ،
_c1993
300 _a80 ص ؛
_c24 سم
490 _a
650 0 4 _aالاسلام
650 0 4 _aالاسلام والمسيحية
650 0 4 _aالمسيح
650 0 4 _aعيسى بن مريم
942 _2ddc
_cBK
999 _c58215
_d58215